000 00462nam a2200193Ia 4500
005 20250603145314.0
008 250603s9999 xx 000 0 und d
020 _a9781408048566
050 _aHF 5657.4 .D78/
100 _aDrury, Colin
245 0 _aManagement and cost accounting: student manual
250 _a8th ed.
260 _aAustralia
260 _bCengage Learning
260 _c2012
300 _a398 p
650 _aAustralia
942 _cBK
999 _c41470
_d41470